| 000 | 00636nam a22002297a 4500 | ||
|---|---|---|---|
| 001 | BD-DhSAU 957 | ||
| 003 | BD-DhSAU | ||
| 005 | 20150108014107.0 | ||
| 008 | 150108b2002 ii ||||r|||| 001 0 eng d | ||
| 020 | _a8123908369 | ||
| 040 | _aBD-DhSAU | ||
| 082 |
_222 _a338.154 _bBAE |
||
| 100 | _aBansil, P.C. | ||
| 245 |
_aEconomic problems of Indian agriculture / _cP.C. Bansil. |
||
| 250 | _a6th edition. | ||
| 260 |
_aNew Delhi : _bCBS Publishers & Distributors ; _cc2002. |
||
| 300 |
_axvi, 780 p. _b24 cm. |
||
| 504 | _aIncludes index. | ||
| 590 | _ajoy | ||
| 650 | _aEconomics. | ||
| 650 |
_aEconomic problems _vAgriculture. _zIndia. |
||
| 942 |
_2ddc _cBOOK |
||
| 999 |
_c957 _d957 |
||